| 000 | 00890nam a2200241 a 4500 | ||
|---|---|---|---|
| 001 | BRCA_9029 | ||
| 005 | 20190320210511.0 | ||
| 008 | 280717s1999----mx-a######---#000-0#spa-# | ||
| 020 | _a968505908X | ||
| 041 | _aspa | ||
| 044 | _amx | ||
| 050 | 4 |
_aHG667 _b.B55 1999 |
|
| 245 | 1 | 0 |
_aEl billete mexicano _cEduardo Turrent y Díaz, prólogo ; Francisco Borja Martínez, introducción ; Elsa Lizalde Chávez ... [et al.], textos; Michel Zabé, Arturo Chapa, fotografía. |
| 260 |
_aCiudad de México _bBanco de México _c1999 |
||
| 300 |
_a218 p. _bil. (algunas a color) _c33 cm. |
||
| 504 | _aBibliografía : p. 215-218 | ||
| 650 | 1 | 4 |
_aPapel moneda _xHistoria _zMéxico _922385 |
| 650 | 1 | 4 |
_aPapel moneda _vTrabajos Ilustrados _xHistoria _zMéxico _922386 |
| 700 | 1 |
_aLizalde Chávez, Elsa _922387 |
|
| 700 | 1 |
_aZabé, Michel _eil. _938 |
|
| 700 | 1 |
_aChapa, Arturo _eil. _99091 |
|
| 942 |
_2lcc _cB |
||
| 999 |
_c8680 _d8680 |
||